<?xml version="1.0" encoding="UTF-8"?>
<record
    xmlns:xsi="http://www.w3.org/2001/XMLSchema-instance"
    xsi:schemaLocation="http://www.loc.gov/MARC21/slim http://www.loc.gov/standards/marcxml/schema/MARC21slim.xsd"
    xmlns="http://www.loc.gov/MARC21/slim">

  <leader>01479nam a2200325 i 4500</leader>
  <controlfield tag="001">190407</controlfield>
  <controlfield tag="003">ES-MaACL</controlfield>
  <controlfield tag="005">20251013232811.0</controlfield>
  <controlfield tag="008">210311s2016    sp a          001 0dspa d</controlfield>
  <datafield tag="020" ind1=" " ind2=" ">
    <subfield code="a">978-84-943583-7-1</subfield>
  </datafield>
  <datafield tag="080" ind1=" " ind2=" ">
    <subfield code="a">74 Sileno</subfield>
  </datafield>
  <datafield tag="080" ind1=" " ind2=" ">
    <subfield code="a">94(100)"1914/18"(0:74)</subfield>
  </datafield>
  <datafield tag="100" ind1="0" ind2=" ">
    <subfield code="a">Sileno,</subfield>
    <subfield code="d">1869-1945</subfield>
    <subfield code="9">168967</subfield>
  </datafield>
  <datafield tag="245" ind1="1" ind2="0">
    <subfield code="a">Tambores en la batalla: </subfield>
    <subfield code="b">cr&#xF3;nica ilustrada de la I Guerra Mundial : [Museo ABC, Madrid, 3 julio-29 noviembre 2016] / Sileno ; [comisario, V&#xED;ctor Zarza ; comentarios, Francisco Manuel Mu&#xF1;oz M&#xE9;ndez].</subfield>
  </datafield>
  <datafield tag="260" ind1=" " ind2=" ">
    <subfield code="a">[Madrid] : Fundaci&#xF3;n Colecci&#xF3;n ABC, </subfield>
    <subfield code="c">[2016]</subfield>
  </datafield>
  <datafield tag="300" ind1=" " ind2=" ">
    <subfield code="a">324, [16] p. : </subfield>
    <subfield code="b">il. col. ; </subfield>
    <subfield code="c">25 cm.</subfield>
  </datafield>
  <datafield tag="597" ind1=" " ind2=" ">
    <subfield code="a">El cuadernillo de [16] p., al final del vol., lleva por t&#xED;t.: Notas del autor: la Gran Guerra vista por un humorista (casi) neutral.</subfield>
  </datafield>
  <datafield tag="600" ind1="0" ind2="7">
    <subfield code="a">Sileno,</subfield>
    <subfield code="d">1869-1945</subfield>
    <subfield code="9">168967</subfield>
  </datafield>
  <datafield tag="650" ind1=" " ind2="4">
    <subfield code="a">Guerra mundial, 1914-1918-</subfield>
    <subfield code="v">Obras ilustradas.</subfield>
    <subfield code="9">148755</subfield>
  </datafield>
  <datafield tag="650" ind1=" " ind2="4">
    <subfield code="a">Guerra mundial, 1914-1918-</subfield>
    <subfield code="v">Obras sat&#xED;ricas y humor&#xED;sticas.</subfield>
    <subfield code="9">171010</subfield>
  </datafield>
  <datafield tag="700" ind1="1" ind2=" ">
    <subfield code="a">Zarza, V&#xED;ctor, </subfield>
    <subfield code="d">1962-</subfield>
    <subfield code="9">171011</subfield>
  </datafield>
  <datafield tag="700" ind1="1" ind2=" ">
    <subfield code="a">Mu&#xF1;oz M&#xE9;ndez, Francisco Manuel.</subfield>
    <subfield code="9">171012</subfield>
  </datafield>
  <datafield tag="710" ind1="2" ind2=" ">
    <subfield code="a">Fundaci&#xF3;n Colecci&#xF3;n ABC.</subfield>
    <subfield code="9">226043</subfield>
  </datafield>
  <datafield tag="710" ind1="2" ind2=" ">
    <subfield code="a">Museo ABC.</subfield>
    <subfield code="9">147794</subfield>
  </datafield>
  <datafield tag="852" ind1=" " ind2=" ">
    <subfield code="a">ES-MaACL</subfield>
    <subfield code="j">A-14606</subfield>
    <subfield code="9">197584</subfield>
    <subfield code="b">R.152143</subfield>
    <subfield code="c">DEPO1</subfield>
    <subfield code="d">Olim: N-7606    </subfield>
    <subfield code="h">Donacion: Victor Zarza </subfield>
    <subfield code="x">- Enc. cart.</subfield>
  </datafield>
  <datafield tag="903" ind1=" " ind2=" ">
    <subfield code="a">Zarza, V&#xED;ctor, </subfield>
    <subfield code="d">1962-</subfield>
    <subfield code="e">dnr</subfield>
    <subfield code="9">171011</subfield>
  </datafield>
  <datafield tag="942" ind1=" " ind2=" ">
    <subfield code="2">udc</subfield>
    <subfield code="c">MONOGRAFIA</subfield>
  </datafield>
  <datafield tag="999" ind1=" " ind2=" ">
    <subfield code="c">190407</subfield>
    <subfield code="d">190407</subfield>
  </datafield>
  <datafield tag="952" ind1=" " ind2=" ">
    <subfield code="0">0</subfield>
    <subfield code="1">0</subfield>
    <subfield code="2">udc</subfield>
    <subfield code="4">0</subfield>
    <subfield code="7">0</subfield>
    <subfield code="a">ATENEOM</subfield>
    <subfield code="b">ATENEOM</subfield>
    <subfield code="c">DEPO1</subfield>
    <subfield code="d">2021-03-11</subfield>
    <subfield code="e">DONACION</subfield>
    <subfield code="l">0</subfield>
    <subfield code="o">A-14606</subfield>
    <subfield code="p">1202429</subfield>
    <subfield code="r">2023-02-23 00:00:00</subfield>
    <subfield code="w">2023-02-23</subfield>
    <subfield code="y">MONOGRAFIA</subfield>
  </datafield>
</record>
